| 000 | 00455cam a22001934a 4500 | ||
|---|---|---|---|
| 005 | 20250605164321.0 | ||
| 008 | 250528s ||||||||||||||||||||||||d | ||
| 035 | _a22937 | ||
| 020 | _a9780761972310 | ||
| 040 |
_aGR-AtMCL _bgre _dGR-AtMCL _eAACR2 |
||
| 245 | 1 | _aQUALITATIVE PSYCHOLOGY | |
| 250 | _a1 | ||
| 260 |
_bSage Publications, _c2003 |
||
| 300 | _a276 | ||
| 700 | 1 |
_aSmith Jonathan _93865 |
|
| 942 | _cBK | ||
| 999 |
_c7980 _d7980 |
||